=LDR 00000nam 2200000 4500 =001 000850 =005 20250712013012 =035 ##$$a 0010-0725000724 =007 ta =008 250712################a##########0#ind## =020 ##$$a 978-623-472-469-1 =082 ##$$a 398.209 598 =084 ##$$a 398.209 598 MAN m =100 #$$a mandana kavitha =245 1#$$a matematika di mela /$c kavitha mandana =250 ##$$a pertama =260 ##$$a jakarta :$b badan pengembangan dan pembinaan bahasa,$c 2022 =300 ##$$a 20hlm. : $b ilus. ; $c 22,9cm =650 #4$$a cerita anak indonesia terjemahan =650 #4$$a literasi bahan bacaan =990 ##$$a TBM202400825